แสดงรายละเอียดบรรณานุกรม
  กลับหน้าหลัก

Brief Record : Get Marc (ISO 2709) : E-mail record : QR code ปิดหน้าต่าง
E-books : เกี่ยวกับ Collections
LEADER 00000nam 2200000uu 4500
001    208562
003     ULIBM
008    121108s2554||||th 000 0 tha d
020    ^a9786162231391
040    ^abcnkk
060  4 ^aWH250^bพ871ก 2554
100 0  ^aพูลสุข ศิริพูล
245 10 ^aการจัดการอาการ : การพยาบาลผู้ป่วยเด็กโรคมะเร็งเม็ดเลือดขาว=^bSymptom management : nursing care for pediatric patients with leukemia /^cพูลสุข ศิริพูล
246 31 ^aSymptom management : nursing care for pediatric patientswith leukemia
246 0  ^aตำราการพยาบาลเด็ก
250    ^aพิมพ์ครั้งที่ 1
260    ^aขอนแก่น :^bคณะพยาบาลศาสตร์ มหาวิทยาลัยขอนแก่น,^c2554
300    ก-ฉ, 268, [1] หน้า :^bภาพประกอบ
490 0  ^aทุนสนับสนุนการผลิตตำรา มหาวิทยาลัยขอนแก่น พ.ศ.2550 ;^vลำดับที่ 45"
650  4 ^aตำราการพยาบาลเด็ก
650  4 ^aมะเร็งเม็ดเลือดขาวในเด็ก
650  4 ^aมะเร็งเม็ดเลือดขาวในเด็ก^xการพยาบาล
650  4 ^aมะเร็งเม็ดเลือดขาวในเด็ก^xการดูแล
650  4 ^aการพยาบาลกุมารเวชศาสตร์
710 2  ^aมหาวิทยาลัยขอนแก่น.^bคณะพยาบาลศาสตร์
999    ^aใช้งานได้ทุกระบบ
รายการนี้ยังไม่มีแท็ก
คุณยังไม่ได้ล็อกอิน คุณสามารถมีกิจกรรมร่วมกับเว็บไซต์ได้ แต่ต้องล็อกอินก่อน ::
  ล็อกอิน
ลำดับที่ ประเภท เลขเรียก สถานที่ สถานะ
1. หนังสือสำรอง
หนังสือสำรอง
WH250 พ871ก 2554  
  
การพยาบาลเด็ก On Shelf
  ขอยืม
Note:ปีงบประมาณ 2555
2. การพยาบาล (ตำราหลัก)
การพยาบาล (ตำราหลัก)
สถานะ=หนังสือเก่า - บริการ ณ ห้องสมุด (ห้องเหลือง)
WH250 พ871ก 2554 ฉ.2 
  
ห้องสมุด หอพักนักศึกษา (ห้องเหลือง) On Shelf
  ขอยืม
Note:ปีงบประมาณ 2555
3. การพยาบาล (ตำราหลัก)
การพยาบาล (ตำราหลัก)
สถานะ=หนังสือเก่า - บริการ ณ ห้องสมุด (ห้องเหลือง)
WH250 พ871ก 2554 ฉ.7 
  
ห้องสมุด หอพักนักศึกษา (ห้องเหลือง) On Shelf
  ขอยืม
Note:ปีงบประมาณ 2555
4. การพยาบาล (ตำราหลัก)
การพยาบาล (ตำราหลัก)
สถานะ=หนังสือเก่า - บริการ ณ ห้องสมุด (ห้องเหลือง)
WH250 พ871ก 2554 ฉ.8 
  
ห้องสมุด หอพักนักศึกษา (ห้องเหลือง) On Shelf
  ขอยืม
Note:ปีงบประมาณ 2555
5. การพยาบาล (ตำราหลัก)
การพยาบาล (ตำราหลัก)
สถานะ=หนังสือเก่า - บริการ ณ ห้องสมุด (ห้องเหลือง)
WH250 พ871ก 2554 ฉ.10 
  
ห้องสมุด หอพักนักศึกษา (ห้องเหลือง) On Shelf
  ขอยืม
Note:ปีงบประมาณ 2555
   [แสดง 5/5 รายการ]

รายการใกล้เคียง
    หัวเรื่อง [ตำราการพยาบาลเด็ก]
    หัวเรื่อง [มะเร็งเม็ดเลือดขาวในเด็ก]
    หัวเรื่อง [การพยาบาลกุมารเวชศาสตร์]

BibComment


ยังไม่เคยถูกคอมเมนท์

คอมเมนท์ทรัพยากรรายการนี้
  คอมเมนท์: การจัดการอาการ ..
Bib 208562

 
 
 

 Union Library Management : ULibM
Copyright 2026. All Rights Reserved.
скачать бесплатно без регистрации порно красивый секс HD Sex Hindi sex

xxx gou

xxxx

bfxxx

xxxwww

Секса Видео

xxxx

Секса Видео

detube

geilexxx

C99 Shell

worms shell

blod xxx video
Ebony Coed Rihanna Rimes Takes A Dick In Her Young Twat priyaa indian fuck anal and pusssy hardcore indian women xxx desi hardcore fucking part 1 bengalixxxcouple